00931nam a2200217 a 450000100100000000500170001000800410002704000250006808200170009310000290011024501210013926000460026030000230030650000430032953400930037270000410046571000600050604900090056695201210057599900170069600002468820200930023318.0110202s1980 ag r 000 0 spa d aDO-SdBNPbspacBNPHU axxxxxbS689e1 aSolomon, Lewis D.95062014aLas empresas multi nacionales :by el nuevo orden mundial /cLewis D. Solomon ; traducción Zoraida J. Valcárcel. aBuenos Aires, Argentina :bLa Ley,c1980. a306 p. ;c24.5 cm. aIncluye notas al pie de las páginas. pTítulo original en inglés:tMultinational corporations and the emerging world order.1 aValcárcel, Zoraida J.,etr.9125871 aFondo Editorial de Derecho y Economía (FEDYE).950621 aBNGR 001054708MOaGRbGRcCTd2011-02-02iLF1l0oxxxxx S689ep24688-10r2020-06-25w2020-06-25y4ZPréstamo en sala c24181d24181